UBT Library

The College of Agriculture of the University of Kentucky : (Record no. 41613)

000 -LEADER
fixed length control field 00622nam a2200217 a 4500
001 - CONTROL NUMBER
control field 1844802
005 - DATE AND TIME OF LATEST TRANSACTION
control field 20180202044432.0
008 - FIXED-LENGTH DATA ELEMENTS--GENERAL INFORMATION
fixed length control field 810909s1981 kyuacf b 001 0 eng
010 ## - LIBRARY OF CONGRESS CONTROL NUMBER
LC control number 81080559
040 ## - CATALOGING SOURCE
Original cataloging agency DLC
Transcribing agency DLC
Modifying agency DLC
041 ## - LANGUAGE CODE
Language code of text/sound track or separate title eng
043 ## - GEOGRAPHIC AREA CODE
Geographic area code n-us-ky
080 ## - UNIVERSAL DECIMAL CLASSIFICATION NUMBER
Universal Decimal Classification number 630.71176947 SMI
082 00 - DEWEY DECIMAL CLASSIFICATION NUMBER
Classification number 630.71176947 SMI
Edition number 19
100 1# - Rafti
Rafti 9
101 ## - Shkurtesa
Shkurtesa MJE
245 14 - TITLE STATEMENT
Title The College of Agriculture of the University of Kentucky :
Statement of responsibility, etc J. Allan Smith.
504 ## - BIBLIOGRAPHY, ETC. NOTE
Bibliography, etc Bibliography: p. [507]-514.
906 ## - LOCAL DATA ELEMENT F, LDF (RLIN)
a 7
b cbc
c orignew
d 2
e opcn
f 19
g y-gencatlg
942 ## - ADDED ENTRY ELEMENTS (KOHA)
Source of classification or shelving scheme
Item type Books
Holdings
Withdrawn status Lost status Source of classification or shelving scheme Damaged status Not for loan Collection code Permanent location Current location Shelving location Date acquired Total Checkouts Full call number Barcode Date last seen Price effective from Koha item type
          Koleksioni i përgjithshem UBT - Lipjan UBT - Lipjan Koleksioni i përgjithshem 02/02/2018   630.71176947 SMI 002-2997463 02/02/2018 02/02/2018 Books
UBT Library © 2015-2024. All rights reserved University Education for Business and Technology